000 00529nam a2200217 a 4500
001 0001-2199
003 ELIB.Books
008 190802 2010 eng
020 _aKBTS
092 _a285.9
_bMil
100 _aMiller, Perry.
245 _aThe Puritans
260 _aNew York
_bHarper & Row Publishers
_c1963
300 _a377
_c20cm
650 _aBaptists
856 _nKBTS Library
_uKBTS Elib
942 _2ddc
_cBK
990 _a1
998 _aEnglishbooks.elf
_ccat
_e2019-08-02
999 _c12199
_d12199